000 00502nam a2200169Ia 4500
003 GCL
008 140319s9999 xx 000 0 ara d
040 _aGCL /
_cGCL
082 0 4 _a210
_bع ت
100 1 _aعلى الطنطاوى
245 1 0 _aتعريف عام بالدين الاسلام /
_cعلى الطنطاوى
260 _a[S.N] :
_bدار الوفاء للطباعة والنشر والتوزيع ،
_c1986
300 _a199
490 _a
650 0 4 _aالاسلام
942 _2ddc
_cBK
999 _c32401
_d32401